New develoments (Record no. 69351)
[ view plain ]
| 000 -LEADER | |
|---|---|
| fixed length control field | 01445cam a2200289 4500 |
| 001 - CONTROL NUMBER | |
| control field | ABS65027 |
| 008 - FIXED-LENGTH DATA ELEMENTS--GENERAL INFORMATION | |
| fixed length control field | 020124n2001 000 0 eng u |
| 035 ## - SYSTEM CONTROL NUMBER | |
| System control number | (Sirsi) u116428 |
| 100 ## - MAIN ENTRY--PERSONAL NAME | |
| Personal name | Sowersby, R |
| 245 ## - TITLE STATEMENT | |
| Title | New develoments |
| 260 ## - PUBLICATION, DISTRIBUTION, ETC. | |
| Date of publication, distribution, etc. | 2001 |
| 490 ## - SERIES STATEMENT | |
| Series statement | Solicitors' Journal |
| Volume/sequential designation | (Expert Witness Supplement) 145(47) 14 December 2001, 15-17(2) |
| 520 ## - SUMMARY, ETC. | |
| Summary, etc. | Outlines new developments in the instruction of expert witnesses with reference to recent case law. Discusses the procedure for joint witnesses in cross examination and conferences in "Peet v Mid-Kent Healthcare Trust" and "Smith v Stephens"; without prejudice meetings between experts in "Hubbard v Lambeth Southwark & Lewisham Health Authority"; disclosure of instructions in "Morris v Bank of India"; and sanctions against an expert failing in his duty to the court in "Pearce v Ove Arup Partnership Ltd". |
| 590 ## - LOCAL NOTE (RLIN) | |
| Local note | ABS |
| 650 ## - SUBJECT ADDED ENTRY--TOPICAL TERM | |
| Topical term or geographic name entry element | EXPERT WITNESS |
| 9 (RLIN) | 6239 |
| 650 ## - SUBJECT ADDED ENTRY--TOPICAL TERM | |
| Topical term or geographic name entry element | INSTRUCTIONS |
| 650 ## - SUBJECT ADDED ENTRY--TOPICAL TERM | |
| Topical term or geographic name entry element | CIVIL PROCEDURE RULES |
| 650 ## - SUBJECT ADDED ENTRY--TOPICAL TERM | |
| Topical term or geographic name entry element | CROSS EXAMINATION |
| 650 ## - SUBJECT ADDED ENTRY--TOPICAL TERM | |
| Topical term or geographic name entry element | PEET V MID-KENT HEALTHCARE TRUST |
| 650 ## - SUBJECT ADDED ENTRY--TOPICAL TERM | |
| Topical term or geographic name entry element | SMITH V STEPHENS |
| 650 ## - SUBJECT ADDED ENTRY--TOPICAL TERM | |
| Topical term or geographic name entry element | WITHOUT PREJUDICE |
| 650 ## - SUBJECT ADDED ENTRY--TOPICAL TERM | |
| Topical term or geographic name entry element | HUBBARD V LAMBETH SOUTHWARK & LEWISHAM HEALTH AUTHORITY |
| 650 ## - SUBJECT ADDED ENTRY--TOPICAL TERM | |
| Topical term or geographic name entry element | MORRIS V BANK OF INDIA |
| 650 ## - SUBJECT ADDED ENTRY--TOPICAL TERM | |
| Topical term or geographic name entry element | PEARCE V OVE ARUP PARTNERSHIP LTD |
| 690 ## - LOCAL SUBJECT ADDED ENTRY--TOPICAL TERM (OCLC, RLIN) | |
| Topical term or geographic name as entry element | MANAGEMENT-DISPUTE AVOIDANCE, MANAGEMENT AND RESOLUTION-DISPUTE MANAGEMENT AND RESOLUTION-EXPERT WITNESSES |
| 942 ## - ADDED ENTRY ELEMENTS (KOHA) | |
| Suppress in OPAC | 0 |
| Withdrawn status | Lost status | Source of classification or shelving scheme | Damaged status | Not for loan | Home library | Current library | Shelving location | Date acquired | Total Checkouts | Full call number | Barcode | Date last seen | Copy number | Price effective from | Koha item type |
|---|---|---|---|---|---|---|---|---|---|---|---|---|---|---|---|
| Dewey Decimal Classification | London | London | Journal article | 24/01/2002 | ABS65027 | 116428-1001 | 06/08/2019 | 1 | 06/08/2019 | Journal article |